[Event "FIDE Zonal 2.5 Open 2019"]
[Site "Montevideo"]
[Date "2019.04.17"]
[Round "7.14"]
[White "Larrea, Manuel"]
[Black "Belmes, Martin"]
[Result "1-0"]
[WhiteElo "2230"]
[BlackElo "2081"]
[Annotator "TA"]
[PlyCount "87"]
[EventDate "2019.04.13"]
[EventType "swiss"]
[EventCountry "URU"]
[SourceTitle "playchess.com"]
[Source "ChessBase"]
[SourceQuality "1"]

{[%evp 20,87,42,40,91,75,245,42,52,68,45,62,75,55,77,80,100,102,102,91,191,196,293,285,375,361,322,313,380,403,353,294,281,279,310,260,317,316,617,601,553,539,603,519,506,495,575,489,575,526,596,551,4134,2831,2113,1791,6087,1031,5189,4918,29973,4132,29979,29980,29979,29981,29981,29982,29982,29983]} 1. e4 c5 2. Nf3 Nc6 3. d4 cxd4 4. Nxd4 Nf6 5. Nc3 {[%cal Bb1c3,Bc3d5,Bd5c7][%mdl 32]} e5 6. Ndb5 d6 7. Bg5 a6 8. Na3 b5 9. Bxf6 gxf6 10. Nd5 f5 11. c3 fxe4 {[#] B33: Sicilian: Pelikan and Sveshnikov Variations} (11... Bg7 $1 $14) (11... Bg7 12. exf5 Bxf5 13. Nc2 O-O 14. Nce3 Be6 15. Bd3 f5 16. O-O Ra7 17. a4 Ne7 18. Bc2 Nxd5 19. Nxd5 bxa4 20. Rxa4 Kh8 21. Qd2 e4 22. Rfa1 a5 23. Nf4 Bf7 24. Ne2 Be8 25. R4a3 {½-½ (110) Wang,H (2690)-Yu,Y (2750) China 2017}) 12. Bxb5 $1 $16 {[%mdl 512]} Bd7 $2 (12... axb5 $16 {was worth a try.} 13. Nxb5 Be6) 13. Qa4 $2 ({Only move:} 13. Ba4 $18) 13... axb5 $14 {[#]White is slightly better.} 14. Qxa8 $1 {[%mdl 576] Decoy} Qxa8 15. Nc7+ {[%mdl 64] Double Attack} Kd8 16. Nxa8 Ne7 $1 17. c4 bxc4 18. Nxc4 $146 ({Predecessor:} 18. Nb6 d5 19. Nxd7 Kxd7 {0-1 (41) Acunzo,D-Maissenbacher,W (1981) Lignano Sabbiadoro 2005}) 18... Nf5 19. Nab6 Bc6 (19... Be6 $16) 20. Na5 Bb5 (20... Kc7 $142) 21. Rc1 Nd4 22. a4 Bd3 23. Nc6+ Kc7 24. Nd5+ Kb7 25. Nxd4 exd4 26. Nb4 Bh6 27. Rd1 Re8 28. g3 ({But not} 28. Nxd3 exd3+ 29. Kf1 d2) 28... Bg7 $2 (28... Bc4 29. Rxd4 {[%mdl 64] Double Attack} Rc8 30. Rxe4 d5 31. Re7+ Ka8) 29. Nxd3 $18 exd3+ {[%mdl 4096] Endgame KRR-KRB} 30. Kd2 Rb8 31. Kxd3 Kc6 32. b4 Rxb4 33. Rb1 Rxa4 34. Ra1 Rxa1 35. Rxa1 {KR-KB} Kd5 36. Re1 Bf6 37. Re8 h6 38. h3 (38. f4 $142 Kc6 39. Rf8) 38... Be5 39. Re7 f5 40. Rh7 (40. f4 $142 Bf6 41. Rh7 Kc6 42. Rxh6 Be7 43. Rh5 Bd8 44. Rxf5 Kd7 45. Kxd4 Bb6+ 46. Ke4) 40... Ke6 41. f4 {White mates.} Bf6 42. Rxh6 Kf7 {[#]} 43. Rxf6+ $1 {[%mdl 512]} Kxf6 44. Kxd4 {Accuracy: White = 63%, Black = 19%.} 1-0

[Event "FIDE Zonal 2.5 Open 2019"]
[Site "Montevideo"]
[Date "2019.04.17"]
[Round "7.15"]
[White "Curi, Gabriel"]
[Black "Vazquez, Facundo"]
[Result "1-0"]
[WhiteElo "2202"]
[BlackElo "2009"]
[Annotator "TA"]
[PlyCount "63"]
[EventDate "2019.04.13"]
[EventType "swiss"]
[EventCountry "URU"]
[SourceTitle "playchess.com"]
[Source "ChessBase"]
[SourceQuality "1"]

{[%evp 22,63,54,41,100,89,81,82,77,91,92,93,131,138,170,185,323,296,289,266,271,277,367,364,362,175,206,143,276,253,531,506,583,595,571,580,614,606,1432,1422,1573,1564,2983,2451]} 1. d4 Nf6 2. c4 g6 3. Nc3 Bg7 4. e4 d6 5. f3 O-O 6. Be3 e5 7. Nge2 c6 8. Qd2 Nbd7 9. d5 cxd5 10. cxd5 a6 11. g4 h5 12. g5 Nh7 {E89: King's Indian: Sämisch: 6...e5 7 d5 c6 8 Nge2 cxd5} ({Better is} 12... Ne8 $14) 13. Nc1 $1 $16 f6 14. gxf6 Bxf6 {White is better.} 15. Be2 (15. Rg1 Bh4+ 16. Kd1 g5 17. Nd3 Kh8 18. Be2 Rf7 19. Rc1 Ndf8 20. Na4 {1-0 (43) Amin,B (2709)-Jovanovic,Z (2537) Zagreb 2018}) 15... Bh4+ {[#]} 16. Kd1 $1 b5 $146 ({Predecessor:} 16... Nc5 17. Rg1 g5 18. b4 Nd7 19. Nd3 Ndf6 20. Kc2 {½-½ (41) Green,P (2063)-Dorer,M (2310) ICCF email 2016}) 17. Nd3 Nb6 {[#] With the idea ...Nc4.} 18. b3 $1 a5 (18... Bd7 $142 19. Rg1 g5) 19. Nxb5 Ba6 20. a4 {[%cal Ba2a4,Ba4b5,Bb5a6,Ba6a7][%mdl 32]} Bxb5 21. axb5 a4 22. Rg1 g5 23. Qb4 (23. Nb4 $142) 23... axb3 $18 24. Ra6 Rxa6 (24... Qc7 $16 25. Qxb3 Nc4) 25. bxa6 Na8 $2 (25... Qc7 26. Qxb3 Nc4) 26. a7 {White is clearly winning.} Qc8 {[%csl Gb3][%cal Rc8c2]} 27. Qxb3 Kh8 28. Qb4 Qd7 29. Kd2 Qe7 {[#]} 30. Nxe5 $1 {[%mdl 512]} Qg7 (30... dxe5 31. Qxe7) 31. Qxd6 Nf6 {[#]} 32. Qxf8+ $1 {[%mdl 512] Accuracy: White = 78%, Black = 19%.} 1-0

[Event "FIDE Zonal 2.5 Open 2019"]
[Site "Montevideo"]
[Date "2019.04.17"]
[Round "7.16"]
[White "Lanzilotta, Marcelo"]
[Black "Restuccia, Francisco"]
[Result "0-1"]
[WhiteElo "1972"]
[BlackElo "2100"]
[Annotator "TA"]
[PlyCount "90"]
[EventDate "2019.04.13"]
[EventType "swiss"]
[EventCountry "URU"]
[SourceTitle "playchess.com"]
[Source "ChessBase"]
[SourceQuality "1"]

{[%evp 10,90,22,7,52,-7,41,-29,50,60,42,37,54,54,57,54,67,51,85,68,77,76,70,60,93,75,72,74,75,70,115,110,108,90,156,122,140,125,140,131,135,116,135,101,174,178,343,345,335,329,317,239,226,215,214,193,207,84,157,75,60,83,74,69,55,75,66,-414,-388,-741,-739,-739,-721,-717,-693,-5165,-5165,-29977,-5110,-5057,-4134,-1484,-1171]} 1. e4 e5 2. Nf3 Nc6 3. Bc4 Nf6 4. Ng5 d5 5. exd5 Na5 6. d3 c6 {C58: Two Knights: 4 Ng5 d5 5 exd5 Na5 sidelines} (6... h6 7. Nf3 e4 8. Qe2 Nxc4 9. dxc4 Bc5 10. Nfd2 O-O 11. Nb3 Bg4 12. Qf1 Bb4+ 13. c3 Be7 14. h3 Bh5 15. g4 Bg6 16. Be3 b5 17. cxb5 Nxd5 18. Nd4 Nxe3 19. fxe3 Bh4+ 20. Ke2 {0-1 (35) Abergel,T (2399)-Fressinet,L (2705) Paris 2015}) 7. Qe2 ({White should play} 7. dxc6 $1 $14 Nxc4 8. dxc4 Qxd1+ 9. Kxd1) 7... Bd6 8. Nc3 (8. dxc6 $1 $14 Nxc4 9. dxc4) 8... O-O (8... b5 $1 $11 9. Bb3 Nxb3 10. axb3 Nxd5) 9. dxc6 $14 Nxc4 10. dxc4 bxc6 11. O-O $146 ({Predecessor:} 11. Nge4 Nxe4 12. Nxe4 Be7 13. Bd2 f5 14. Nc3 {1-0 (33) Filinkov,A (2246)-Kuebler,M (2050) Marianske Lazne 2008}) 11... Bg4 12. f3 Bh5 13. Be3 Qb8 14. Nge4 Nxe4 15. Nxe4 Bc7 16. Bc5 Re8 17. Qf2 f5 18. Ng3 $1 {[%cal Rg3h5]} Bg6 19. b3 Qd8 20. Rad1 Qf6 21. Rd7 Rec8 (21... Bb6 $142) 22. Rfd1 $36 {[%mdl 2048] White is really pushing.} Be8 23. R7d2 h5 24. a4 h4 25. Nf1 Bh5 26. Bxa7 e4 (26... f4 $16) 27. Rd7 $1 $18 exf3 $2 (27... f4 {might work better.}) 28. Bd4 Be5 29. Bxe5 ({Less strong is} 29. gxf3 Re8 $16) 29... Qxe5 30. gxf3 f4 31. Re1 Qg5+ 32. Qg2 Ra5 {next ...h3 is good for Black.} 33. Ree7 (33. Nd2 $1 $18 {and the rest is easy.}) 33... Qxg2+ $16 34. Kxg2 Rg5+ 35. Kf2 {Threatens to win with h3.} h3 36. Nd2 Rg2+ 37. Kf1 {Re2 is the strong threat.} Be8 38. Rb7 $2 {[%mdl 8192] [#]} (38. Rd6 $14 {keeps the upper hand.} Rxh2 39. Kg1 Rg2+ 40. Kh1) 38... Rd8 $1 $19 ({Worse is} 38... Rxd2 39. Rxg7+ Kh8 40. Rh7+ Kg8 41. Rhg7+ Kh8 42. Rh7+ Kg8 43. Rhg7+ $11) 39. Nb1 $2 (39. Ke1 Rdxd2 40. Rxg7+ (40. Rxe8+ $2 Kh7 $19) 40... Kf8 41. Rh7 Rxc2 42. Rh8+ Rg8 43. Rxg8+ Kxg8 44. Re7) 39... Rd1+ 40. Re1 Rxe1+ 41. Kxe1 Rxh2 {aiming for ...Rh1+.} 42. Nc3 Rxc2 {( -> ...h2)} 43. Rb8 h2 (43... Kf8 $142 44. Ne4 h2 45. Nf2 {[#]} Rxf2 $1 {[%mdl 576] Remove Defender, Promotion} 46. Kxf2 h1=Q 47. Ra8 Qh2+ 48. Ke1 Qg3+ {[%mdl 64] Double Attack} 49. Kd2 Qxf3 50. Kc2 Qe2+ 51. Kc3 f3 52. Ra5 Qe3+ 53. Kc2 Qe4+ 54. Kb2 Qd4+ 55. Kb1 Qd1+ 56. Kb2 Qd2+ 57. Ka3 Qxa5 58. b4 Qe5 59. Kb3 Qe3+ 60. Kc2 f2 61. c5 f1=Q 62. Kb2 Qg2+ 63. Kb1 Qeg1#) 44. Rxe8+ Kh7 {[%cal Rh2h1]} 45. Kd1 Rg2 {Accuracy: White = 45%, Black = 59%.} 0-1

[Event "FIDE Zonal 2.5 Open 2019"]
[Site "Montevideo"]
[Date "2019.04.17"]
[Round "7.17"]
[White "Viera, Emilio"]
[Black "Curia, Santiago Jose"]
[Result "1-0"]
[WhiteElo "2138"]
[BlackElo "1989"]
[Annotator "RC"]
[PlyCount "81"]
[EventDate "2019.04.13"]
[EventType "swiss"]
[EventCountry "URU"]
[SourceTitle "playchess.com"]
[Source "ChessBase"]
[SourceQuality "1"]
[TimeControl "40/5400+30:1800+30"]

1. c4 {[%emt 0:06:25]} e6 {[%emt 0:00:00]} 2. Nc3 {[%emt 0:01:56]} d5 {[%emt 0:00:02]} 3. cxd5 {[%emt 0:05:24]} exd5 {[%emt 0:00:03]} 4. d4 {[%emt 0:00:07]} h6 {[%emt 0:00:23]} 5. Nf3 {[%emt 0:02:19]} Nf6 {[%emt 0:00:11]} 6. Bf4 {[%emt 0:01:07]} Bd6 {[%emt 0:00:09]} 7. Bxd6 {[%emt 0:02:04]} Qxd6 {[%emt 0:00:08]} 8. e3 {[%emt 0:00:02]} O-O {[%emt 0:16:12]} 9. Bd3 {[%emt 0:02:47]} c6 {[%emt 0:01:12]} 10. Qc2 {[%emt 0:06:49]} Re8 {[%emt 0:02:55]} 11. O-O {[%emt 0:05:22]} Nbd7 {[%emt 0:05:31]} 12. Rab1 {[%emt 0:03:55]} a5 {[%emt 0:00:11]} 13. a3 {[%emt 0:03:49]} Qe7 {[%emt 0:06:17]} 14. Nd2 {[%emt 0:12:09]} b5 {[%emt 0:05:27]} 15. a4 {[%emt 0:06:17]} b4 {[%emt 0:01:17]} 16. Ne2 {[%emt 0:00:17]} Ba6 {[%emt 0:05:33]} 17. Nb3 {[%emt 0:01:53]} Bxd3 {[%emt 0:00:49]} 18. Qxd3 {[%emt 0:00:03]} Ne4 {[%emt 0:00:10]} 19. Ng3 {[%emt 0:01:05]} Nb6 {[%emt 0:16:17]} 20. Nxe4 {[%emt 0:08:21]} Qxe4 {[%emt 0:03:30]} 21. Qxe4 {[%emt 0:00:06]} Rxe4 {[%emt 0:01:39]} 22. Nc5 {[%emt 0:00:39]} Re7 {[%emt 0:05:43]} 23. b3 {[%emt 0:00:25]} Rc7 {[%emt 0:00:43]} 24. Rbc1 {[%emt 0:00:32]} Kf8 {[%emt 0:00:52]} 25. Rc2 {[%emt 0:01:17]} Nc8 {[%emt 0:04:44]} 26. Rfc1 {[%emt 0:06:35]} Ne7 {[%emt 0:01:00]} 27. Nd3 {[%emt 0:01:33]} Ra6 {[%emt 0:01:13]} 28. g4 {[%emt 0:01:20]} Ke8 {[%emt 0:01:31]} 29. Kg2 {[%emt 0:01:32]} f6 {[%emt 0:02:15]} 30. Nc5 {[%emt 0:01:51]} Rb6 {[%emt 0:01:42]} 31. Ne6 {[%emt 0:00:06]} Kd7 {[%emt 0:01:42]} 32. Nxc7 {[%emt 0:00:21]} Kxc7 {[%emt 0:00:03]} 33. h4 {[%emt 0:00:27]} Kd6 {[%emt 0:00:19]} 34. h5 {[%emt 0:00:35]} Kd7 {[%emt 0:00:23]} 35. f3 {[%emt 0:00:53]} Nc8 {[%emt 0:00:56]} 36. Kg3 {[%emt 0:00:44]} Nd6 {[%emt 0:00:31]} 37. Kf4 {[%emt 0:00:44]} Nf7 {[%emt 0:00:47]} 38. Rc5 {[%emt 0:00:35]} Ra6 {[%emt 0:00:07]} 39. e4 {[%emt 0:01:16]} Nd8 {[%emt 0:00:14]} 40. exd5 {[%emt 0:00:49]} Kd6 {[%emt 0:00:16]} 41. Ke4 {[%emt 0:31:56]} 1-0

[Event "FIDE Zonal 2.5 Open 2019"]
[Site "Montevideo"]
[Date "2019.04.17"]
[Round "7.18"]
[White "Kropff, Ricardo"]
[Black "Rodriguez Farias, Eduardo"]
[Result "1/2-1/2"]
[WhiteElo "2220"]
[BlackElo "1898"]
[Annotator "TA"]
[PlyCount "191"]
[EventDate "2019.04.13"]
[EventType "swiss"]
[EventCountry "URU"]
[SourceTitle "playchess.com"]
[Source "ChessBase"]
[SourceQuality "1"]

{[%evp 9,191,52,43,21,22,25,16,21,20,20,31,37,39,49,43,7,17,33,41,52,78,50,41,46,38,35,77,72,114,71,87,89,104,62,73,51,77,28,74,37,29,27,25,31,20,4,35,34,58,51,74,8,86,72,88,79,77,63,96,66,115,93,107,118,185,182,206,145,158,125,139,137,131,75,87,0,0,0,0,0,0,0,0,0,0,0,0,0,0,0,0,0,0,0,0,0,0,0,0,0,0,0,0,0,0,0,0,0,0,0,0,0,8,8,8,8,8,7,571,0,161,0,0,0,0,0,0,0,0,0,8,8,8,8,166,8,29972,166,332,332,332,332,332,167,332,333,29984,29985,29981,332,1197,0,0,0,29974,29975,5073,0,0,0,0,0,0,0,0,0,0,0,0,0,0,0,0,0,0,0,0,0,0,0,0,0,0,0]} 1. e4 c5 2. Nf3 a6 3. c3 Nf6 4. e5 Nd5 5. d4 cxd4 6. Qxd4 {B28: Sicilian: 2 Nf3 a6 (O'Kelly Variation)} (6. Bc4 Nb6 7. Bb3 d5 8. exd6 e6 9. cxd4 Bxd6 10. Nc3 O-O 11. O-O Nc6 12. Re1 Ne7 13. Bg5 f6 14. Bh4 Nbd5 15. Bg3 b6 16. Rc1 Ra7 17. Nxd5 exd5 18. Nd2 Kh8 19. Bxd6 Qxd6 {1-0 (36) Zhigalko,S (2638)-Kalashian,D (2400) Tsaghkadzor 2017}) 6... e6 7. Bd3 Nc6 8. Qe4 d6 9. O-O Qc7 {[%cal Rd6e5]} 10. exd6 Bxd6 11. Re1 Nf6 12. Qe2 $146 (12. Qh4 {is more complex.} Nd5 13. Na3 Be7 14. Qg4 Kf8 15. Nc4) ({Predecessor:} 12. Qh4 Bd7 13. Be3 Ne5 14. Nxe5 Bxe5 {0-1 (51) Bodner,A-Bergen,P (2230) Finkenstein 1993}) 12... O-O 13. Nbd2 e5 14. Nc4 Bg4 15. Nxd6 Qxd6 16. h3 Bh5 17. Bg5 Rfe8 18. Rad1 Qc5 19. Bxf6 gxf6 20. g4 Bg6 {And now ...e4 would win.} 21. Nh4 Ne7 22. Nxg6 (22. Be4 {looks sharper.} Bxe4 23. Qxe4 Qc7 24. Qe3 Rad8 25. Qh6) 22... Nxg6 23. Bxg6 (23. Qe4 {feels hotter.} Red8 24. h4 Kf8 25. Qf3 Qb6 26. Be4) 23... fxg6 24. Qf3 Qe7 25. Rd5 Rad8 26. Red1 Rxd5 27. Rxd5 $14 {[%mdl 4096] Endgame KQR-KQR} e4 (27... f5 $5) 28. Qe3 Qe6 29. c4 Re7 30. Qd4 (30. b3 $16) 30... Kf7 (30... e3 $1 $11 31. Qxe3 Qxe3 32. fxe3 Rxe3) 31. Rd6 $36 {[%mdl 2048] White is in control.} Qe5 32. Qxe5 Rxe5 $16 {KR-KR} 33. Rb6 $1 Re7 34. Kg2 f5 35. gxf5 gxf5 36. Kg3 Ke8 (36... e3 $16 {might work better.} 37. fxe3 Rxe3+ 38. Kf4 {[%mdl 64] Double Attack} Re7) 37. Kf4 $18 Rf7 38. Re6+ Kd7 39. Re5 Rf6 40. Rxf5 Rh6 41. Kg4 (41. Kxe4 $142 Rxh3 42. b3) 41... Ke6 42. Rh5 (42. Ra5 $16) 42... Rxh5 $1 $11 43. Kxh5 {KP-KP} Kf5 {Threatens to win with ...Kf4.} 44. b4 Kf4 {White must now prevent ...Kf3.} 45. c5 Kf3 46. a4 $1 Kxf2 47. b5 axb5 48. axb5 {K3P-K3P} e3 {...e2 is the strong threat.} 49. c6 bxc6 50. bxc6 {KPP-KPP} e2 51. c7 e1=Q {( -> ...Qe5+)} 52. c8=Q {KQ-KQ} Qe4 53. Qg4 Qf3 54. h4 Qf6 55. Qg5 Qf7+ 56. Kh6 Kf3 57. h5 Qf8+ 58. Kxh7 {Hoping for h6.} Qf7+ 59. Kh6 Qf8+ 60. Qg7 Qf4+ 61. Kh7 Qf5+ 62. Qg6 Qf8 $1 63. h6 Ke3 $2 {[%mdl 8192]} (63... Kf4 $11 64. Qg7 Qd8) 64. Qg7 $2 (64. Qe6+ $18 Kd2 65. Kg6) 64... Qe8 $2 (64... Qf5+ $11 {and Black is okay.} 65. Qg6 Qd7+ 66. Kg8 Qd8+ 67. Kf7 Qc7+ 68. Kf8 Qc5+ 69. Kf7 Qc7+ 70. Kf8 Qc5+ 71. Kf7 Qc7+) 65. Qg8 $2 (65. Qg5+ $18 Ke2 66. Qd5) 65... Qe4+ 66. Kg7 {Strongly threatening Qf7.} Qg4+ 67. Kh8 Qd4+ 68. Qg7 (68. Kh7 $5 {[%cal Rg8g1]} Qd3+ 69. Qg6 $18) 68... Qd8+ 69. Kh7 Qd3+ 70. Qg6 Qd7+ 71. Kg8 Qd5+ $2 (71... Qd8+ $11 {and Black stays safe.} 72. Kf7 Qc7+ 73. Kf8 Qc5+ 74. Kg8 Qd5+ 75. Kg7 Kd2) 72. Kf8 $2 (72. Kg7 $1 $18 Kd2 73. Qf6 (73. h7 Qd7+ 74. Qf7 Qg4+ 75. Qg6 Qd7+ 76. Qf7 Qg4+ 77. Kh8 Qd4+ 78. Kg8 Qg4+ 79. Kf8 Qc8+ 80. Qe8 Qf5+ 81. Qf7 Qc8+ 82. Qe8 Qf5+ 83. Qf7 Qc8+ $11)) 72... Qf3+ $2 {[%mdl 8192] [#]} (72... Qc5+ $11 73. Kg8 Qd5+ 74. Kg7 Kd2) 73. Kg7 $2 (73. Qf7 $1 Qh1 74. h7 Qh6+ 75. Ke7 Qh4+ 76. Ke8 Qh1 77. Qe6+ Kd3 78. Qa6+ Ke3 79. Qb6+ Kd3 80. Qb3+ Kd4 81. Qb2+ Kc4 82. h8=Q) 73... Qb7+ $2 {[#]} (73... Kd2) 74. Qf7 $1 $18 {[%cal Rf7b7]} Qb2+ 75. Qf6 Qb7+ 76. Kf8 (76. Kg6 $142 Qe4+ 77. Qf5 Qe8+ 78. Kg5 Qd8+ 79. Kg4 Qd4+ 80. Kh3) 76... Qc8+ $2 (76... Kd2 77. Qg5+ Kd1 78. Qg1+ Kd2 79. Qh2+ Kd1 80. Qg1+ Kd2 81. Qh2+ Kd1 82. Qh5+ Kd2 83. Qg5+ Kd1 84. Qg4+ Kc1 85. Qf4+ Kd1) 77. Kf7 {White threatens Qe6+ and mate.} Qc2 $2 (77... Kd2 $18 78. Qf4+ Kc2 79. Qf2+ Kd3 80. Qf3+ Kd2) 78. Qe5+ Kf3 79. Qh5+ $2 (79. Kg7 {mates} Qb1 80. h7 Qg1+ 81. Kf8 Qa7 82. h8=Q Qa8+ 83. Kg7 Qa7+ 84. Kg6) 79... Ke3 $2 (79... Kf4 80. Qh4+ (80. h7 Qc7+ 81. Kg8 Qd8+ 82. Kg7 Qd4+ 83. Kg6 Qb6+ 84. Kf7 Qb7+ 85. Kg8 Qb8+ 86. Kg7 Qb2+ 87. Kh6 Qf6+ 88. Qg6 Qf8+ 89. Qg7 Qd6+ 90. Kh5 Qd5+ 91. Kh6 Qd6+ 92. Qg6 Qf8+ 93. Qg7 Qd6+ $11) 80... Kf3 81. Qh5+ Kf4 82. Qh4+ (82. h7 Qc4+ 83. Kg6 Qa6+ 84. Kg7 Qa1+ 85. Kg8 Qa8+ 86. Kf7 Qa7+ 87. Kg6 Qb6+ 88. Kg7 Qb2+ 89. Kh6 Qf6+ 90. Qg6 Qf8+ 91. Qg7 Qd6+ 92. Kh5 Qd5+ 93. Kh6 Qd6+ 94. Qg6 Qf8+ 95. Qg7 Qd6+ $11) 82... Kf3 83. Qh5+) 80. h7 $2 (80. Qg5+ $18 Kf2 81. Kg7) 80... Qc4+ 81. Kf8 Qf4+ $2 {[%mdl 8192]} (81... Qb4+ $11 82. Kg8 Qb8+ 83. Kg7 Qb2+ 84. Kf7 Qb7+ 85. Kg6 Qb6+ 86. Kg5 Qd8+ 87. Kg4 Qd4+ 88. Kh3 Qd7+ 89. Kh4 Qd4+ 90. Qg4 Qh8) 82. Qf7 Qh6+ 83. Qg7 $2 (83. Ke7 $18 Qh4+ 84. Ke8) 83... Qf4+ $11 {The position is equal.} 84. Ke7 {Intending Qc3+ and mate.} Qc7+ 85. Kf6 Qf4+ 86. Ke6 {Threatening mate with Qe5+.} Qc4+ 87. Kf5 {Qg3+ would kill now.} Qf4+ 88. Kg6 Qg4+ 89. Kf7 Qd7+ 90. Kg8 Qd8+ 91. Qf8 Qg5+ 92. Kh8 {aiming for Qd6.} Qe5+ $1 93. Kg8 Qg5+ 94. Qg7 Qd8+ 95. Kf7 {White wants to mate with Qf6.} Qd7+ 96. Kg6 {Accuracy: White = 52%, Black = 36%.} 1/2-1/2

[Event "FIDE Zonal 2.5 Open 2019"]
[Site "Montevideo"]
[Date "2019.04.17"]
[Round "7.19"]
[White "Zaruski, Julio"]
[Black "Carvalho, Guillermo"]
[Result "0-1"]
[WhiteElo "1842"]
[BlackElo "2194"]
[Annotator "TA"]
[PlyCount "116"]
[EventDate "2019.04.13"]
[EventType "swiss"]
[EventCountry "URU"]
[SourceTitle "playchess.com"]
[Source "ChessBase"]
[SourceQuality "1"]

{[%evp 21,116,0,1,0,26,0,54,46,40,40,53,16,22,6,58,66,87,0,16,-128,-26,-24,-25,-325,-306,-420,-299,-310,-306,-345,-302,-280,-283,-339,-343,-413,-400,-461,-427,-419,-242,-352,-320,-446,-303,-288,-289,-289,-285,-489,-488,-470,-414,-431,-416,-437,-421,-468,-413,-420,-412,-408,-431,-473,-472,-470,-473,-659,-700,-787,-902,-868,-768,-958,-953,-899,-795,-996,-1004,-1230,-1106,-1927,-1800,-1723,-1760,-1540,-1544,-1470,-1597,-29980,-29981,-29985,-29986,-29985,-29985,-29985,-29986]} 1. d4 Nf6 2. c4 e6 3. Nf3 d5 4. e3 c5 5. Nc3 Nc6 6. cxd5 exd5 7. Be2 Bd6 8. O-O O-O 9. dxc5 Bxc5 10. a3 a6 11. h3 Be6 12. b4 {D32: Tarrasch Defence: Sidelines and lines without g3} Bb6 $146 ({Predecessor:} 12... Ba7 13. b5 axb5 14. Nxb5 Bb8 15. Bb2 Ne4 16. Nfd4 Qh4 17. Bg4 Re8 18. Rc1 Bxg4 19. Qxg4 Qxg4 20. hxg4 {0-1 (51) Antonic,D (1979)-Radulovic,D (2295) Belgrade 2008}) 13. Bd3 Rc8 (13... d4 $11 14. Ne4 Nd5) 14. Ne2 {White is slightly better.} Ne4 15. Bb2 Qe7 16. Ned4 Bd7 17. Rc1 Rfe8 (17... Ne5 $11) 18. Nxc6 $14 Bxc6 19. Be5 ({Better is} 19. Ne5 $16) 19... h6 20. Bh2 {[#]} (20. Bd4 $11 Bc7 21. Nd2) 20... Qf6 (20... Nxf2 $1 $17 {[%mdl 512]} 21. Rxf2 Ba4) 21. Rc2 $11 Rcd8 {White must now prevent ...d4.} 22. Nd4 $2 {[%mdl 8192]} (22. Qb1 $11 {and White has nothing to worry.}) 22... Ba4 $19 {[%mdl 64] Skewer} 23. Qg4 Bxc2 24. Nxc2 Qg5 25. Qe2 Rc8 26. Bf4 Qf6 27. Ne1 Rc1 28. Nf3 Qa1 29. Nh2 Rxf1+ 30. Nxf1 Qf6 (30... Qxa3 $142 31. Bxe4 Rxe4) 31. g4 (31. Bxe4 $142 Rxe4 32. Qd3) 31... d4 32. Qc2 Ng5 33. Bxg5 hxg5 34. e4 Qe6 35. Ng3 $2 (35. e5 {was called for.}) 35... Rc8 36. Qe2 Rc1+ 37. Kg2 Bc7 {Hoping for ...Bxg3.} 38. e5 g6 39. Qf3 Bxe5 40. Ne4 Bf4 41. h4 Qe5 42. hxg5 Bxg5 43. Ng3 Rc3 44. Ne4 Rxa3 45. Nc5 Be7 46. Ne4 Kg7 47. Ng3 Bxb4 48. Ne4 Be7 49. Ng3 a5 {[%cal Ba6a5,Ba5a4][%mdl 32]} 50. Ne4 a4 51. Ng3 Rb3 52. Qd1 Qd5+ 53. Kf1 b5 54. Be4 Qe5 55. Bf3 Qf4 {Black mates.} 56. Kg2 {[#]} Qxf3+ $1 {[%mdl 64] Promotion} 57. Qxf3 Rxf3 58. Kxf3 a3 {Accuracy: White = 28%, Black = 60%.} 0-1

[Event "FIDE Zonal 2.5 Open 2019"]
[Site "Montevideo"]
[Date "2019.04.17"]
[Round "7.20"]
[White "Manteiga, Franco"]
[Black "Pichuaga, Juan Pablo"]
[Result "0-1"]
[WhiteElo "1684"]
[BlackElo "2021"]
[Annotator "NA RC"]
[PlyCount "82"]
[EventDate "2019.04.13"]
[EventType "swiss"]
[EventCountry "URU"]
[SourceTitle "playchess.com"]
[Source "ChessBase"]
[SourceQuality "1"]
[TimeControl "40/5400+30:1800+30"]

{[%evp 21,82,32,32767,32767,32767,32767,32767,32767,32767,145,161,32767,178,32767,158,120,171,162,160,32767,32767,32767,32767,32767,32767,32767,32767,32767,76,73,97,126,115,114,108,93,87,94,87,83,193,0,32767,32767,32767,32767,32767,32767,32767,32767,77,-349,-393,-447,-474,-501,-483,-524,-513,-822,-661,-817,-864]} 1. d4 {[%emt 0:00:00]} d5 {[%emt 0:00:00]} 2. c4 {[%emt 0:00:05]} e6 {[%emt 0:00:02]} 3. Nc3 {[%emt 0:00:23]} Nf6 {[%emt 0:00:06]} 4. cxd5 {[%emt 0:00:25]} exd5 {[%emt 0:00:07]} 5. Bg5 {[%emt 0:00:11]} Be7 {[%emt 0:00:53]} 6. e3 {[%emt 0:00:15]} c6 {[%emt 0:00:26]} 7. Bd3 {[%emt 0:00:53]} O-O {[%emt 0:03:54]} 8. Qc2 {[%emt 0:00:06]} Nbd7 {[%emt 0:00:12]} 9. Nf3 {[%emt 0:01:06]} Re8 {[%emt 0:00:38]} 10. O-O {[%emt 0:02:43]} Ne4 {[%emt 0:03:53]} 11. Bf4 {[%emt 0:01:36]} ({Better is} 11. Bxe4 $16 dxe4 12. Nxe4) 11... Nef6 {[%emt 0:02:27] D36: Queen's Gambit Declined: Exchange Variation: Main line (5 Bg5 c6 6 Qc2)} (11... Ndf6 12. Ne5 Nxc3 13. bxc3 c5 14. Rab1 g6 15. c4 Bd6 16. Bg5 Bxe5 17. dxe5 Rxe5 18. f4 Rxg5 19. fxg5 {1-0 (67) Margvelashvili,G (2530)-Aleskerov,F (2315) chess.com INT 2018}) 12. Nb5 {[%emt 0:09:33]} Nf8 {[%emt 0:05:46]} 13. Nc7 {[%emt 0:01:35]} Nh5 $146 {[%emt 0:01:37]} ({Predecessor:} 13... Be6 14. Nxa8 Qxa8 15. h3 g6 16. a3 Qc8 17. b4 a6 18. Rab1 Ne4 19. Bxe4 dxe4 {1-0 (38) Gesser,B (2254)-Stojanovic,M (2199) Dresden 2008}) 14. Nxe8 {[%emt 0:02:41]} Qxe8 {[%emt 0:02:28]} 15. a3 {[%emt 0:13:18]} a5 {[%emt 0:05:05]} 16. Rfe1 {[%emt 0:14:53]} g6 {[%emt 0:07:47]} 17. Qe2 {[%emt 0:07:52]} Ne6 {[%emt 0:08:16]} 18. Bg3 {[%emt 0:04:51]} Qf8 {[%emt 0:01:48]} 19. Bh4 {[%emt 0:06:13]} Bd6 {[%emt 0:01:31]} 20. Bg3 {[%emt 0:05:33]} Be7 {[%emt 0:00:35]} 21. Bh4 {[%emt 0:01:15]} Bd6 {[%emt 0:00:15]} 22. Bg3 {[%emt 0:00:11]} Be7 {[%emt 0:00:12]} 23. Nd2 {[%emt 0:03:48]} Bd7 {[%emt 0:04:39]} 24. f4 {[%emt 0:01:50]} Nxg3 {[%emt 0:05:45]} 25. hxg3 {[%emt 0:00:07]} f5 {[%emt 0:05:13]} 26. Nf3 {[%emt 0:00:46]} Ng7 {[%emt 0:00:19]} 27. Ne5 {[%emt 0:00:50]} Be6 {[%emt 0:01:35]} 28. Kf2 {[%emt 0:01:40]} Nh5 {[%emt 0:02:57]} 29. Rh1 {[%emt 0:01:22]} Nf6 {[%emt 0:02:02]} 30. Rh3 {[%emt 0:04:47]} Kg7 {[%emt 0:05:29]} (30... Qg7 $16) 31. Rhh1 $2 {[%emt 0:01:33]} ({Better is} 31. Rah1 $18) 31... h5 {[%emt 0:01:57]} 32. Qc2 {[%emt 0:02:00]} Bd6 {[%emt 0:04:03]} 33. Rac1 {[%emt 0:01:11]} Qe7 {[%emt 0:03:35]} 34. Qc3 {[%emt 0:03:01]} a4 {[%emt 0:04:22]} 35. Qc2 {[%emt 0:03:50]} Bc8 {[%emt 0:06:43]} 36. Bb5 $2 {[%emt 0:02:29]} (36. Kf1 $16 {keeps the pressure on.}) 36... cxb5 {[%emt 0:02:25]} 37. Rhd1 {[%emt 0:00:50]} Bd7 {[%emt 0:01:45]} 38. Qe2 {[%emt 0:00:24]} Be8 {[%emt 0:00:46]} 39. Rc2 {[%emt 0:00:41]} Ne4+ {[%emt 0:00:46]} 40. Ke1 {[%emt 0:02:39]} Nxg3 {[%emt 0:00:41]} 41. Qf2 {[%emt 0:30:33]} Ne4 $19 {[%emt 0:30:16]} 0-1